[Event "Malyszko mem corr"]
[Site "Poland"]
[Date "1992.??.??"]
[Round "?"]
[White "Laskowski, Janusz"]
[Black "Guziec, Krzysztof"]
[Result "1/2-1/2"]
[WhiteElo "2000"]
[BlackElo "1800"]
[PlyCount "83"]
[EventDate "1992.??.??"]
[EventType "tourn (corr)"]
[EventRounds "6"]
[EventCountry "POL"]
[SourceTitle "Corr 2006"]
[Source "ChessBase"]
[SourceDate "2006.04.01"]
[SourceVersion "3"]
[SourceVersionDate "2006.04.01"]
[SourceQuality "1"]

1. b4 e5 2. Bb2 Bxb4 3. Bxe5 Nf6 4. c4 0-0 5. Nf3 d5 6. cxd5 Nxd5 7. g3 Re8 8. Bg2 b6 9. 0-0 Bb7 10. Bb2 Nd7 11. e3 Rb8 12. Qc2 c5 13. Nc3 N7f6 14. Rfd1 Qe7 15. Nxd5 Nxd5 16. Ne5 b5 17. a3 Ba5 18. Qb3 Bc7 19. Bxd5 Bxe5 20. Bxe5 Bxd5 21. Qxd5 Qxe5 22. Qxe5 Rxe5 23. d4 cxd4 24. Rxd4 g6 25. Rd7 a5 26. Rc1 b4 27. axb4 axb4 28. Rcc7 b3 29. Rb7 Rb5 30. Rd8+ Rxd8 31. Rxb5 Rd3 32. Kg2 Kg7 33. Rb6 h5 34. h4 Rc3 35. Kf3 Rd3 36. Rb7 Rc3 37. Kf4 Rc2 38. f3 b2 39. e4 Kf6 40. Rb6+ Ke7 41. e5 Re2 42. g4 1/2-1/2

[Event "Malyszko mem corr"]
[Site "Poland"]
[Date "1991.??.??"]
[Round "?"]
[White "Guziec, Krzysztof"]
[Black "Dziel, Jaromir"]
[Result "0-1"]
[WhiteElo "1800"]
[BlackElo "2000"]
[PlyCount "56"]
[EventDate "1991.??.??"]
[EventType "tourn (corr)"]
[EventRounds "6"]
[EventCountry "POL"]
[SourceTitle "Corr 2006"]
[Source "ChessBase"]
[SourceDate "2006.04.01"]
[SourceVersion "3"]
[SourceVersionDate "2006.04.01"]
[SourceQuality "1"]

1. b4 e5 2. Bb2 f6 3. e4 Bxb4 4. Bc4 Ne7 5. Qh5+ g6 6. Qh4 d5 7. exd5 Qd6 8. f4 exf4 9. Bxf6 Nf5 10. Qg5 0-0 11. Bb2 h6 12. Qg4 Ng3 13. Qf3 Nxh1 14. Qe4 Bf5 15. Qd4 Qe7+ 16. Kf1 Kh7 17. Na3 Nf2 18. Re1 Ne4 19. d6 Nxd2+ 20. Qxd2 Qxe1+ 21. Qxe1 Bxe1 22. Kxe1 cxd6 23. Ne2 Be4 24. Nd4 Re8 25. Kf2 Nc6 26. Ne6 d5 27. Nc7 dxc4 28. Nxa8 Rxa8 0-1

[Event "Malyszko mem corr"]
[Site "Poland"]
[Date "1991.??.??"]
[Round "?"]
[White "Nowakowski, Jozef"]
[Black "Guziec, Krzysztof"]
[Result "0-1"]
[WhiteElo "1800"]
[BlackElo "1800"]
[PlyCount "36"]
[EventDate "1991.??.??"]
[EventType "tourn (corr)"]
[EventRounds "6"]
[EventCountry "POL"]
[SourceTitle "Corr 2006"]
[Source "ChessBase"]
[SourceDate "2006.04.01"]
[SourceVersion "3"]
[SourceVersionDate "2006.04.01"]
[SourceQuality "1"]

1. b4 Nf6 2. c4 e5 3. Qb3 Nc6 4. b5 Nd4 5. Qb2 d6 6. Nf3 Nxf3+ 7. gxf3 g6 8. e4 Bg7 9. d3 c6 10. a4 0-0 11. Nc3 Be6 12. Ne2 d5 13. Qxe5 Nxe4 14. d4 Bxe5 15. fxe4 Bg7 16. exd5 cxd5 17. c5 Rc8 18. Be3 Rxc5 0-1